000 01666nam a22003731i 4500
001 ebr10782153
003 CaPaEBR
006 m o d
007 cr cn|||||||||
008 921102s1991 gw a ob 001 0 eng d
020 _z3110134055
020 _a9783110871890 (e-book)
020 _z9783110134056
040 _aCaPaEBR
_beng
_erda
_epn
_cCaPaEBR
035 _a(OCoLC)868969793
050 1 4 _aP142
_b.P38 1991eb
245 0 0 _aPatterns of change, change of patterns :
_blinguistic change and reconstruction methodology /
_cedited by Philip Baldi.
264 1 _aBerlin ;
_aNew York :
_bMouton de Gruyter,
_c1991.
300 _a1 online resource (356 pages) :
_billustrations
336 _atext
_2rdacontent
337 _acomputer
_2rdamedia
338 _aonline resource
_2rdacarrier
504 _aIncludes bibliographical references and indexes.
588 _aDescription based on print version record.
590 _aElectronic reproduction. Palo Alto, Calif. : ebrary, 2013. Available via World Wide Web. Access may be limited to ebrary affiliated libraries.
650 0 _aLinguistic change.
650 0 _aReconstruction (Linguistics)
650 0 _aComparative linguistics.
655 0 _aElectronic books.
700 1 _aBaldi, Philip.
776 0 8 _iPrint version:
_tPatterns of change, change of patterns : linguistic change and reconstruction methodology.
_dBerlin ; New York : Mouton de Gruyter, 1991
_hx, 343 pages : illustrations ; 23 cm.
_z9783110134056
_w(DLC) 91034032
797 2 _aebrary.
856 4 0 _uhttp://site.ebrary.com/lib/rucke/Doc?id=10782153
_zAn electronic book accessible through the World Wide Web; click to view
999 _c134911
_d134911